00421nam a2200157Ia 4500008004100000041000800041082001600049100002200065245003200087260004000119300001600159365001200175650002700187650003000214700001900244210719s2002 xx 000 0 und d aeng a820.33 SHEE aSHELKE (Uddhav J) aEmbers Tr by Shanta Gokhale aChennaibMacmillan India Ltd.c2002 av---228bPB b147cRs aIndian English Fiction aIndian English Literature aShanta Gokhale